| 000 | 00400nam a22001337a 4500 | ||
|---|---|---|---|
| 020 | _a0-07-022443-9 | ||
| 082 | _a005.13 FRI'E | ||
| 100 |
_aWAND, MITCHELL , FIEDMAN, DANIEL P , HAYNES, CHRISTOPHER T _967615 |
||
| 245 | _aESSENTIALS OF PROGRAMMING LANGUAGES | ||
| 260 |
_aNEWYORK _bMCGRAW HILL _c1992 |
||
| 300 | _a536P | ||
| 650 |
_aPROGRAMMING LANGUAGES (ELECTRONIC COMPUTERS) _93683 |
||
| 942 | _cBK | ||
| 999 |
_c575346 _d575346 |
||